| 000 | 00710nam a2200241 a 4500 | ||
|---|---|---|---|
| 008 | |||
| 020 | _a0471108057 (cased) | ||
| 049 | _aMAIN | ||
| 090 | _aTK7874.65 DEM | ||
| 100 | 1 | _aDeMassa, Thomas A. | |
| 245 | 1 | 0 |
_aDigital integrated circuits / _cThomas A. DeMassa, Zack Ciccone. |
| 260 |
_aNew York : _bWiley, _c1996. |
||
| 300 |
_axvi, 683 p. : _bill. ; _c26 cm. |
||
| 504 | _aIncludes bibliographical references. | ||
| 500 | _aIncludes index. | ||
| 650 | 0 | _aDigital integrated circuits. | |
| 700 | 1 | _aCiccone, Zack. | |
| 907 |
_a.b10063870 _b23-02-07 _c17-04-03 |
||
| 003 | |||
| 005 | 20230123133613.0 | ||
| 040 | _cNUST | ||
| 942 |
_cBOOKS _kTK7874.65 DEM |
||
| 999 |
_c151476 _d151476 |
||